Регионална библиотека "Любен Каравелов" - Русе

Войните на розите : Кръвна връзка (Запис номер 472031)

MARC детайли
000 -Лидер
Контролно поле с фиксирана дължина 01324nam a2200313 a 4500
003 - Код на организацията, давaща контролен номер
Контролно поле BLK
005 - Дата и час на последна редакция
Контролно поле 20231103114545.0
008 - Елементи от данни с фиксирана дължина
fixed length control field 180411b bul|||||r ||||||| ||bul||
010 ## - Наследен системен номер
LC control number KNG00213380000
020 ## - Международен стандартен номер на книга ISBN
Международен стандартен номер на книга ISBN 9786192140151
040 ## - Източник на каталожния запис
Идентификатор на билиотеката - собственик на записа BLK
041 ## - Код за език
Код за езика на текст/звукозапис или на отделно заглавие Български
Код за езика КДБФ Български
072 #7 - Код за тематичната категория
Код организация bullib
Код за тематична категория Н83
Текст Чужда художествена литература Н
080 ## - УДК
Текстов определител УДК Английска литература
УДК код - определител по УДК 821.111
УДК определител -311.6
УДК - код + определител 821.111-311.6
100 1# - Редна дума - Автор
Автор Игълдън, Кон, 1971-
Авторска отговорност първи автор
Пълна форма на името англичанин
R(LIN) 72064
139 ## - Редно поле
Редна дума Игълдън, Кон
Авторски знак Игр - И 30
245 10 - Сведения за заглавието
Заглавие Войните на розите : Кръвна връзка
Подзаглавни данни Роман
Редно поле (дума) Кон Игълдън; прев. от англ. Анелия Данилова.
257 ## - Страна на издаване
Страна на създаване/издаване Великобритания
260 ## - Област на издателските данни
Име на издателя, разпространителя и проч. Алма
Година на издаване 2019
Печатница Пловдив : Булвест принт
Място на издаване, разпространение и проч. Пловдив
300 ## - Физическа характеристика
Страници 455 с.
Размери/Мащаб 21 см
380 ## - Жанр
Жанр Худож. лит.
490 1# - СЕРИИ (Колекции)
Име на серия Войните на розите
№: серия кн. 3
500 ## - Общи забележки
Забележка Ориг. загл. Wars of the Roses : Bloodline / Conn Iggulden.
700 1# - Други автори (авторска отговорност)
Лично име Данилова, Анелия Александрова
Дати, свързани с автора 1957 -
Друга информация Преводач от английски език
9 (RLIN) 58525
856 4# - Електронен адрес и достъп
Електронен формат pdf - файл
856 4# - Електронен адрес и достъп
Електронен формат pdf - файл
999 ## - СИСТЕМНИ КОНТРОЛНИ НОМЕРА
Koha biblionumber 472031
Koha biblioitemnumber 472031
942 ## - АРТИКУЛИ
Вид на библиотечния материал Книги
Скрит в OPAC Не
Koha issues (borrowed), all copies 24
Периодичен библиозапис Да
944 ## - СЪЗДАВАНЕ И РЕДАКЦИЯ на ЗАПИСА
Служител, извършил регистрацията/редакцията 30530
Статус, дата на статуса Минев Младен
Наличности
Код за отписване Код за изгубен артикул Източник на класификационната схема Код за повреда Коз за рестрикции Код за отдаване Артикулен № Име на библиотеката - собственик Име на библиотеката, в която се намира в момента Статус (Текущо местоположение) Дата на вписване в системата Местоположение - отдел Цена в лева Систематично азбучна сигнатура Баркод Цена в евро Служебен тип на артикула
  Не е изгубен Universal Decimal Classification Не е повреден без рестрикции заемане за дома 902668 Регионална библиотека "Любен Каравелов" Русе Регионална библиотека "Любен Каравелов" Русе Заемна - подръчен фонд 2022-09-01 Заемна - подръчен фонд 19.00 821-31/И 30 К 120000875377 9.71 Книги
Vip Innovations Ltd, Rousse, Bulgaria 2025